00275nam a2200121Ia 45000030006000000080041000060400015000471000029000622450024000912600009001155460012001240050017001360STCL150530s9999 xx 000 0 und d aSTCLcSTCL aJain Sushma; Jaggi, V.P. aBasic for beginners c1999 aEnglish20220125160212.0